| 000 | 00672nam a22001815i 4500 | ||
|---|---|---|---|
| 001 | 48048 | ||
| 003 | ES-MaACL | ||
| 005 | 20230906161701.0 | ||
| 007 | t| | ||
| 008 | 981118s1895 sp ||||1| spa d | ||
| 040 |
_aCAM _bspa _cCCPB |
||
| 100 | 1 |
_aCuenca y Raffo, Aurelio. _942009 |
|
| 245 | 1 | 0 |
_aDe la eclampsia puerperal _b: su descripción, algunas consideraciones sobre su patogenia y tratamiento / _cpor Aurelio Cuenca y Raffo... |
| 260 |
_aCádiz : _b[s.n.], _c1895 ( _fImp. de la Revista Médica) |
||
| 300 |
_a54 p. ; _c23 cm. |
||
| 650 | 4 |
_aEclampsia puerperal. _9155931 |
|
| 852 |
_aES-MaACL _jT-856-F-4 _z.- Enc. en un vol. facticio conservando la enc. original |
||
| 999 |
_c48048 _d48048 |
||